Ч . 1 : Термодинамика и кинетика; Теоретические основы технологии неорганических веществ

Chi tiết về thư mục
Parent link:Теоретические основы технологии неорганических веществ: учебное пособие/ В. В. Коробочкин; Национальный исследовательский Томский политехнический университет (ТПУ), Институт природных ресурсов (ИПР), Кафедра общей химической технологии (ОХТ). Ч . 1 : Термодинамика и кинетика.— , 2015
Tóm tắt:Заглавие с титульного экрана
Электронная версия печатной публикации
Режим доступа: из корпоративной сети ТПУ
Ngôn ngữ:Tiếng Nga
Được phát hành: 2015
Những chủ đề:
Truy cập trực tuyến:http://www.lib.tpu.ru/fulltext2/m/2015/m271.pdf
Định dạng: Điện tử Sách
KOHA link:https://koha.lib.tpu.ru/cgi-bin/koha/opac-detail.pl?biblionumber=302076

MARC

LEADER 00000nlm2a2200000 4500
001 302076
005 20231102001451.0
035 |a (RuTPU)RU\TPU\book\327271 
090 |a 302076 
100 |a 20150819d2015 m y0rusy50 ca 
101 0 |a rus 
102 |a RU 
105 |a a j 001zy 
135 |a drcn ---uucaa 
200 0 |a Ч . 1 : Термодинамика и кинетика 
210 |d 2015 
230 |a 1 компьютерный файл (pdf; 2.3 MB) 
300 |a Заглавие с титульного экрана 
300 |a Электронная версия печатной публикации 
333 |a Режим доступа: из корпоративной сети ТПУ 
337 |a Adobe Reader 
461 1 |0 (RuTPU)RU\TPU\book\327270  |t Теоретические основы технологии неорганических веществ  |o учебное пособие  |o в 2 ч.  |f В. В. Коробочкин  |g Национальный исследовательский Томский политехнический университет (ТПУ), Институт природных ресурсов (ИПР), Кафедра общей химической технологии (ОХТ)  |v Ч . 1 : Термодинамика и кинетика  |d 2015 
606 1 |a Химическая технология неорганических веществ  |2 stltpush  |3 (RuTPU)RU\TPU\subj\73684  |9 86545 
610 1 |a электронный ресурс 
610 1 |a учебные пособия 
610 1 |a труды учёных ТПУ 
610 1 |a неорганические вещества 
610 1 |a химическая термодинамика 
610 1 |a идеальные газы 
610 1 |a термодинамика 
610 1 |a химическое равновесие 
610 1 |a уравнение состояния 
610 1 |a реальные газы 
610 1 |a твердофазные реакции 
610 1 |a химико-технологические процессы 
675 |a 661.2/.6(075.8)  |v 3 
801 2 |a RU  |b 63413507  |c 20151103  |g RCR 
856 4 |u http://www.lib.tpu.ru/fulltext2/m/2015/m271.pdf 
942 |c CF